000
00321 a2200133 4500
000
nam a22 7a 4500
100
_a
Ramdas, Rupavath
110
_a
Ramdas, Rupavath
245
_a
Politics of Education in India
250
_a
latest edition
260
_b
Routledge
_c
2026
264
_b
Routledge
_c
2026
942
_c
BK
999
_c
395175
_d
395175